00917cam a22002531 4500952013500000999001700135001000800152003000900160005001700169008004100186010001700227035001900244040002900263042001200292050001900304082001700323100003800340245011000378260006600488300001900554651003300573906004500606942001200651 00102ddc40708NFICaASLbASLcGENd2021-02-15eASB Collectionl0o327.547 BHFp105835r2021-02-15 00:00:00tC-1w2021-02-15yBK c21849d218496118408BDDh-ASL20231015030042.0790806s1964 pk 000 0 eng  asa 65004548  a(OCoLC)5242082 aDLCcNOsUdDLCdBDDh-ASL apremarc00aDS383.5.A2bB5 a327.547bBHF1 aBhutto, Zulfikar Ali,d1928-1979.10aForeign policy of Pakistan:ba compendium of speeches made in the National Assembly of Pakistan 1962-64 / aKarachi:bPakistan Institute of International Affairsc[1964] a125 p.c23 cm. 0aPakistanxForeign relations. a7bcbccoclcrplduencipf19gy-gencatlg 2ddccBK